000 00550nam a2200217 i 4500
001 4646754
005 20180220072727.0
008 800313s1980 mau b 001 0 eng
010 _a 79053872
020 _a0201067625
040 _aDLC
_cDLC
_dDLC
041 _aeng
080 _a301.42 kay
082 0 0 _a301.42 kay
100 1 _a49
101 _asoc
245 1 0 _aSex-role issues in mental health /
_cKay F. Schaffer.
504 _aBibliography: p. 202-222.
906 _a7
_bcbc
_corignew
_d2
_eocip
_f19
_gy-gencatlg
942 _2ddc
_cBK
999 _c42919
_d42919